Investigaciones para usos financieros (Registro nro. 1783)
[ vista simple ]
| 000 -LEADER | |
|---|---|
| fixed length control field | 01354 a2200253 4500 |
| 001 - CONTROL NUMBER | |
| control field | 28998 |
| 005 - DATE AND TIME OF LATEST TRANSACTION | |
| control field | 20260407155559.0 |
| 008 - FIXED-LENGTH DATA ELEMENTS--GENERAL INFORMATION | |
| fixed length control field | 260407a1945 arg spa d |
| 003 - CONTROL NUMBER IDENTIFIER | |
| control field | AR-UNSa-BCEJYS |
| 040 ## - CATALOGING SOURCE | |
| Original cataloging agency | AR-UNSa-BCEJYS |
| Language of cataloging | spa |
| Transcribing agency | AR-UNSa-BCEJYS |
| 080 ## - UNIVERSAL DECIMAL CLASSIFICATION NUMBER | |
| Universal Decimal Classification number | 657 |
| Common auxiliary subdivision | Contabilidad |
| 041 ## - LANGUAGE CODE | |
| Language code of text/sound track or separate title | spa |
| 100 1# - MAIN ENTRY--PERSONAL NAME | |
| Personal name | Himmelblau, David |
| 245 10 - TITLE STATEMENT | |
| Title | Investigaciones para usos financieros |
| 250 ## - EDITION STATEMENT | |
| Edition statement | 2a. ed. |
| 264 #1 - PRODUCTION, PUBLICATION, DISTRIBUTION, MANUFACTURE, AND COPYRIGHT NOTICE | |
| Place of production, publication, distribution, manufacture | México : |
| Name of producer, publisher, distributor, manufacturer | Unión Tipográfica Editorial Hispano-Americana (UTEHA) |
| Date of production, publication, distribution, manufacture, or copyright notice | 1945 |
| 300 ## - PHYSICAL DESCRIPTION | |
| Extent | 528 p. |
| Dimensions | 25 cm. |
| 505 ## - FORMATTED CONTENTS NOTE | |
| Formatted contents note | 1. Investigaciones para usos financieros - 2. Asientos de ajuste - 3. Situación financiera - 4. Inventarios - 5. Existencia normal; Detallistas - 6. Cuentas de activo fijo - 7. Valuación o avaluos; Depreciación aplicada a la apreciación; activo agotable - 8. Análisis de estados financieros tomando como base la aplicación de fondos - 9. Presentación de estados financieros según la forma A-2 de la ley de valores(securities act) - 10. Preparación de un balance dando como hecho un financiamiento - 11. Capacidad productiva - 12. Certificados de auditores - 13. Informes - 14. Seguros; Contratos fiduciarios de emisión - 15. Análisis industrial |
| 590 ## - LOCAL NOTE (RLIN) | |
| Local note | niveau_biblio:m niveau_hierar:0 |
| 700 1# - ADDED ENTRY--PERSONAL NAME | |
| Personal name | Kerrigan, Harry D. |
| 700 1# - ADDED ENTRY--PERSONAL NAME | |
| Personal name | Poulat, Julio |
| 700 1# - ADDED ENTRY--PERSONAL NAME | |
| Personal name | Thierry, David |
| 942 ## - ADDED ENTRY ELEMENTS (KOHA) | |
| Koha item type | |
| Withdrawn status | Lost status | Damaged status | Not for loan | Home library | Current library | Shelving location | Date acquired | Total checkouts | Full call number | Barcode | Date last seen | Price effective from | Koha item type |
|---|---|---|---|---|---|---|---|---|---|---|---|---|---|
| Biblioteca Prof. Eusebio Cleto del Rey | Biblioteca Prof. Eusebio Cleto del Rey | 07/04/2026 | 657 H658 v.9 2ed. | L20141 | 07/04/2026 | 07/04/2026 | Libro | ||||||
| Biblioteca Prof. Eusebio Cleto del Rey | Biblioteca Prof. Eusebio Cleto del Rey | 07/04/2026 | 657 H658 v.9 2ed. | L21907 | 07/04/2026 | 07/04/2026 | Libro |